LEADER 00880nam a2200217 u 4500 001 000000080970 003 CaOOAMICUS 005 20070226123714.0 008 050309s1953 it af u000 u ita u 035 $a11033058 040 $aDAI(R)$bita$dPUL(R) 100 1 $aBaldi, Donato,$cO.F.M.,$d1888-$0(OLS)http://pul/name/617 245 10$aGuida di Terra Santa /$cDonato Baldi. 260 $aGerusalemme :$bTip. dei PP. Francescani,$c1953. 300 $a491 p., 5 tav. :$bIll. ;$c17 cm 651 4$aTerra Santa$xGuide.$0(OLS)http://pul/subject/9775 850 $aPUL 852 $aPUL$W1$xDP1 Fondo Cecchetti$y53$m299 F 34$j103360$nBK-PRI$b $qFondi$B103360$CPULBib$Z2$F103360 $HPUL5093 $81 941 1 $a1 996 $6245$aGuida di Terra Santa$9(OLS)http://pul/title/105988 996 $6260$aGerusalemme :$bTip. dei PP. Francescani$9(OLS)http://pul/publisher/53754 LEADER 01761nam a2200385 a 4500 001 000000011047 003 CaOOAMICUS 005 20130509114838.0 008 940516s1983 it u000 u ita r 020 $a8821167623 035 $a10272702 040 $aPUL$bita 245 00$aLutero in Italia :$bstudi storici nel V centenario della nascita /$ca cura di Lorenzo Perrone ; introduzione di Giovanni Miccoli. 260 $aCasale :$bMarietti,$c1983. 300 $axxxiii, 341 p. ;$c22 cm 490 1 $aDabar.$aSaggi di storia religiosa ;$v01 500 $aComprende indice. 504 $aBibliografia in nota. 600 14$aLuther, Martin,$d1483-1546$xIndirizzi, saggi, letture.$0(OLS)http://pul/subject/5041 700 1 $aMiccoli, Giovanni,$d1933-2017.$0(OLS)http://pul/name/5196 700 1 $aPerrone, Lorenzo.$0(OLS)http://pul/name/10715 830 0$aDabar.$pSaggi di storia religiosa ;$v01.$0(OLS)http://pul/title/16058 850 $aPUL 852 $aPUL$W1$xSL Religione 1$y3$m74 I 51$j15642$nBK-PRI$b $qStampati$B15642$CPULBib$Z2$F15642 $H $81 852 $aPUL$W1$xSL Religione 1$y3$m74 I 34$j15643$nBK-PRI$b $qStampati$B15643$CPULBib$Z2$F15643 $H $81 852 $aPUL$W1$xDP1 Fondo E. Rossi$y115$m1 L 74$j153879$qFondi$B153453$CPULBib$Z2$F153453 $82 941 1 $a8 941 1 $a1 961 $aINV: 51859 961 $aINV: 52067 961 $aSul dorso collocazione ms. di E. Rossi: L 42 2 996 $6020$a8821167623$9(OLS)http://pul/number/14150 996 $6245$aLutero in Italia :$bstudi storici nel V centenario della nascita$9(OLS)http://pul/title/16057 996 $6260$aCasale :$bMarietti$9(OLS)http://pul/publisher/53117